Anthropological report on the Edo-speaking peoples of Nigeria /
محفوظ في:
المؤلف الرئيسي:
التنسيق: كتاب
اللغة: English
الموضوعات:
الوسوم: إضافة وسم
لا توجد وسوم, كن أول من يضع وسما على هذه التسجيلة!
رقم الطلب: GN653 .T5 v.1-2
| LEADER | 01405namaa2200301 4500 | ||
|---|---|---|---|
| 001 | 20372 | ||
| 003 | OSt | ||
| 005 | 20210214104017.0 | ||
| 008 | 130303s1910 enkab g 000 0 eng d | ||
| 952 | |0 0 |1 0 |2 lcc |3 V.2 |4 0 |6 GN0653 T5 V.00001-00002 |7 1 |9 10366 |a ARCE |b ARCE |d 2021-02-14 |l 0 |o GN653 .T5 v.1-2 |p 1005694 |r 2021-02-14 00:00:00 |w 2021-02-14 |y BK | ||
| 952 | |0 0 |1 0 |2 lcc |3 V.1 |4 0 |6 GN0653 T5 V.00001-00002 |7 1 |9 59739 |a ARCE |b ARCE |d 2024-01-21 |l 0 |o GN653 .T5 v.1-2 |p 1005696 |r 2024-01-21 00:00:00 |w 2024-01-21 |y BK | ||
| 999 | |c 18850 |d 18850 | ||
| 010 | |a 14012419 | ||
| 040 | |c ARCE Library | ||
| 043 | |a f-nr--- | ||
| 050 | 0 | 4 | |a GN653 .T5 v.1-2 |
| 100 | 1 | |a Thomas, Northcote Whitridge, |d 1868-1936, |e author | |
| 245 | 1 | 0 | |a Anthropological report on the Edo-speaking peoples of Nigeria / |c By Northcote W. Thomas. |
| 264 | 1 | |a London : |b Harrison and Sons, |c 1910. | |
| 300 | |a 2 volumes : |b folded map, folded tables ; |c 22 cm. | ||
| 336 | |a text |b txt |2 rdacontent | ||
| 337 | |a unmediated |b n |2 rdamedia | ||
| 338 | |a volume |b nc |2 rdacarrier | ||
| 505 | 0 | |a pt. I. Law and custom.--pt. II. Linguistics: Section I. Edo texts. Section II. Texts in other languages of the Edo family. Section III. Edo grammar. Section IV. Comparative dictionary of selected words in the Edo languages. Section V. Edo-English dictionary. | |
| 650 | 0 | |a Ethnology |z Nigeria. | |
| 650 | 0 | |a Igbo (African people) | |
| 901 | |a reviewed | ||
| 942 | |c BK |2 lcc | ||
